| 000 | nam a22 7a 4500 | ||
|---|---|---|---|
| 999 |
_c4678 _d235182 |
||
| 020 | _a9788568364147 | ||
| 080 | _a = 690 L 628 | ||
| 100 | _aLima de Ävila LUiz Augusto | ||
| 245 | _aMeugnin E Otiepsus mas Sera ele Odapluc? | ||
| 250 | _a2ª Ed. | ||
| 260 |
_aBelo Horizonte _bFundacçao Mariana Resende Costa: FUMARC _c2016 |
||
| 300 | _a88 P. | ||
| 650 |
_xargumentacion Juridica _xfilosofia |
||
| 942 | _6_ | ||
| 945 |
_acd _d2017-12-26 |
||